000 01208nam a2200325Ia 4500
001 ebr10135537
003 CaPaEBR
006 m u
007 cr cn|||||||||
008 030108s2003 nyu sb 001 0 eng d
010 _z 2003041312
015 _aGBA3-X3769
020 _z1403981655
020 _z1403962413
040 _aCaPaEBR
_cCaPaEBR
035 _a(OCoLC)560536313
050 1 4 _aPN212
_b.P862 2003eb
082 0 4 _a808/.001
_221
100 1 _aPunday, Daniel.
245 1 0 _aNarrative bodies
_h[electronic resource] :
_btoward a corporeal narratology /
_cby Daniel Punday.
260 _aNew York, NY :
_bPalgrave Macmillan,
_c2003.
300 _ax, 234 p.
504 _aIncludes bibliographical references (p. [191]-223) and index.
533 _aElectronic reproduction.
_bPalo Alto, Calif. :
_cebrary,
_d2009.
_nAvailable via World Wide Web.
_nAccess may be limited to ebrary affiliated libraries.
650 0 _aNarration (Rhetoric)
650 0 _aHuman body in literature.
655 7 _aElectronic books.
_2local
710 2 _aebrary, Inc.
856 4 0 _uhttp://site.ebrary.com/lib/rucke/Doc?id=10135537
_zAn electronic book accessible through the World Wide Web; click to view
999 _c85543
_d85543